000 00323 a2200145 4500
001 179874
020 _a
040 _cMagnum
100 _aKappenbur, Frei Boaventura
240 1 0 _aDocumentos do vaticano ii
_lpor
245 1 0 _aDocumentos do vaticano ii
362 0 _a1899
697 _aMAGNITO: RELIGIAO
942 _cBK
999 _c179874
_d179874